[Event "XX Festival A"]
[Site "Porto San Giorgio ITA"]
[Date "2008.08.27"]
[Round "7"]
[White "Ortega, Lexy"]
[Black "Aleksic, Nenad"]
[Result "1-0"]
[WhiteElo "2456"]
[BlackElo "2371"]
[PlyCount "77"]
[EventDate "2008.08.21"]

1. d4 Nf6 2. Nf3 b6 3. g3 Bb7 4. Bg2 e6 5. c4 Be7 6. O-O O-O 7. d5 exd5 8. Nh4
c6 9. cxd5 Nxd5 10. Nf5 Bf6 11. Re1 Ba6 12. e4 Ne7 13. Ne3 Ng6 14. f4 Be7 15.
Nc3 d6 16. b4 Bb7 17. Bb2 d5 18. exd5 Bxb4 19. f5 Ne5 20. f6 Qxf6 21. Ne4 Nf3+
22. Qxf3 Qxb2 23. Rab1 Qa3 24. Nf6+ gxf6 25. Qg4+ Kh8 26. Rxb4 Qc3 27. Re2 Na6
28. Re4 Nc5 29. Re7 Ba6 30. Nf5 Qc1+ 31. Re1 Qg5 32. Qxg5 fxg5 33. dxc6 Bc4 34.
c7 Rac8 35. Nd6 Be6 36. Rd1 Kg7 37. Nxc8 Bxc8 38. Rd8 Ne6 39. Ree8 1-0

[Event "XX Festival A"]
[Site "Porto San Giorgio ITA"]
[Date "2008.08.27"]
[Round "7"]
[White "Parpinel, Marco"]
[Black "Granaldi, Alessandro"]
[Result "1-0"]
[WhiteElo "2159"]
[BlackElo "2082"]
[PlyCount "35"]
[EventDate "2008.08.21"]

1. e4 c5 2. a3 b6 3. b4 cxb4 4. axb4 Bb7 5. Nc3 e6 6. Bb2 d6 7. Ra4 a6 8. Qa1
Qc8 9. Nf3 Nd7 10. b5 Nc5 11. bxa6 Nxa4 12. axb7 Qxb7 13. Bb5+ Ke7 14. Nxa4
Qxe4+ 15. Kd1 Qb4 16. c4 f6 17. Nd4 Kf7 18. Bc3 1-0

[Event "XX Festival A"]
[Site "Porto San Giorgio ITA"]
[Date "2008.08.27"]
[Round "7"]
[White "Peredy, Ferenc"]
[Black "Cappai, Davide"]
[Result "1/2-1/2"]
[WhiteElo "2251"]
[BlackElo "2122"]
[PlyCount "50"]
[EventDate "2008.08.21"]

1. d4 g6 2. c4 Bg7 3. g3 c5 4. Nf3 cxd4 5. Nxd4 Nc6 6. Nc2 d6 7. Bg2 Nf6 8. Nc3
O-O 9. O-O Ne8 10. e4 Nc7 11. Be3 Ne5 12. Qe2 Be6 13. Na3 Ng4 14. Bd2 Bd7 15.
h3 Ne5 16. Rfd1 Ne6 17. Be3 Nc6 18. Nc2 Rc8 19. Rac1 Bxc3 20. bxc3 Ne5 21. Bh6
Ng7 22. Ne3 Be6 23. Rd4 Nc6 24. Rd2 Ne5 25. Rd4 Nc6 1/2-1/2

[Event "XX Festival A"]
[Site "Porto San Giorgio ITA"]
[Date "2008.08.27"]
[Round "7"]
[White "Piscitelli, Vito"]
[Black "Rettore, Ludwig"]
[Result "1-0"]
[WhiteElo "2003"]
[BlackElo "2230"]
[PlyCount "65"]
[EventDate "2008.08.21"]

1. e4 c5 2. Nc3 d6 3. f4 Nf6 4. Nf3 Nc6 5. Bb5 e6 6. d3 Be7 7. Bxc6+ bxc6 8.
O-O O-O 9. e5 Ne8 10. exd6 Nxd6 11. Ne5 Qc7 12. Qf3 Bb7 13. Ne4 Nf5 14. Qf2 Nd4
15. c3 f5 16. Ng3 Nb5 17. a4 Nd6 18. Qxc5 Nf7 19. Qe3 Nxe5 20. Qxe5 Qxe5 21.
fxe5 Ba6 22. Rd1 Rad8 23. d4 c5 24. b3 cxd4 25. cxd4 Rb8 26. Ba3 Bxa3 27. Rxa3
Rfd8 28. d5 Rxd5 29. Rxd5 exd5 30. Nxf5 Re8 31. Nd4 Rxe5 32. Nc6 Rf5 33. Ne7+
1-0

[Event "XX Festival A"]
[Site "Porto San Giorgio ITA"]
[Date "2008.08.27"]
[Round "7"]
[White "Piva, Giorgio"]
[Black "Voiska, Margarita"]
[Result "0-1"]
[WhiteElo "2167"]
[BlackElo "2296"]
[PlyCount "66"]
[EventDate "2008.08.21"]

1. d4 c5 2. c3 e6 3. Nf3 Nc6 4. g3 Nf6 5. Bg2 d5 6. O-O Be7 7. Nbd2 cxd4 8.
Nxd4 O-O 9. e4 Nxd4 10. cxd4 dxe4 11. Nxe4 Nd5 12. Nc3 Bf6 13. Nxd5 exd5 14.
Be3 Be6 15. Qb3 Qd7 16. Rac1 Rac8 17. Qb4 h6 18. Qa5 b6 19. Qa6 Bf5 20. b3 Be4
21. Bxe4 dxe4 22. Rc4 Rxc4 23. bxc4 Bg5 24. Qa3 f5 25. h4 Bxh4 26. Qb3 Kh7 27.
c5 bxc5 28. dxc5 Bg5 29. Rd1 Qf7 30. Qa4 Bxe3 31. fxe3 Qc7 32. Kf2 Qxc5 33. Rd7
Rb8 0-1

[Event "XX Festival A"]
[Site "Porto San Giorgio ITA"]
[Date "2008.08.27"]
[Round "7"]
[White "Stromboli, Ettore"]
[Black "Calzetta Ruiz, Monica"]
[Result "1/2-1/2"]
[WhiteElo "2300"]
[BlackElo "2264"]
[PlyCount "99"]
[EventDate "2008.08.21"]

1. e4 c5 2. Nf3 Nc6 3. d4 cxd4 4. Nxd4 g6 5. c4 Nf6 6. Nc3 d6 7. f3 Qb6 8. Nc2
Bg7 9. Rb1 O-O 10. Be3 Qa5 11. Qd2 Be6 12. Be2 Rfc8 13. O-O Ne5 14. b3 Nfd7 15.
Nd4 Bxc4 16. bxc4 Nxc4 17. Bxc4 Rxc4 18. Rfc1 Rac8 19. Nb3 Qd8 20. Ne2 Ne5 21.
Bd4 b6 22. Rxc4 Nxc4 23. Qd3 Bh6 24. Nc3 e6 25. Bf2 Ne5 26. Qe2 Qg5 27. Kh1 Qh5
28. Bd4 Bf4 29. g4 Qxh2+ 30. Qxh2 Bxh2 31. Rf1 Bf4 32. Ne2 Bh6 33. g5 Bg7 34.
f4 Nd3 35. Bxg7 Kxg7 36. Rf3 Nc5 37. Nxc5 Rxc5 38. Nc3 b5 39. a3 a5 40. Kg2 b4
41. axb4 axb4 42. Ne2 h6 43. gxh6+ Kxh6 44. Rb3 Rc4 45. Kf3 g5 46. Rd3 Rc8 47.
Rb3 Rc4 48. Rd3 Rc6 49. Rb3 Rc4 50. Rd3 1/2-1/2

[Event "XX Festival A"]
[Site "Porto San Giorgio ITA"]
[Date "2008.08.27"]
[Round "7"]
[White "Suppa, Ercole"]
[Black "Stromboli, Carlo"]
[Result "0-1"]
[WhiteElo "2119"]
[BlackElo "2263"]
[PlyCount "140"]
[EventDate "2008.08.21"]

1. d4 Nf6 2. Nf3 e6 3. Nbd2 c5 4. e3 b6 5. Bd3 Bb7 6. O-O Be7 7. Re1 d6 8. c3
O-O 9. b4 Nbd7 10. Bb2 Re8 11. a3 Nf8 12. Bb5 N8d7 13. Bd3 Qc7 14. Rc1 Nf8 15.
Qb3 Ng6 16. h3 Rac8 17. Qa2 Qb8 18. Qb1 Qa8 19. c4 Red8 20. Rcd1 d5 21. cxd5
Nxd5 22. bxc5 bxc5 23. Rc1 cxd4 24. Nxd4 Bf6 25. Rxc8 Rxc8 26. Rc1 Nb6 27.
Rxc8+ Nxc8 28. Be4 Nd6 29. Bxb7 Qxb7 30. Qc2 Nh4 31. f3 Ng6 32. Bc3 Ne7 33. Qd3
Nd5 34. Ne4 Nxe4 35. Qxe4 Qb6 36. Ne2 Bxc3 37. Nxc3 Qxe3+ 38. Qxe3 Nxe3 39. Nb5
a6 40. Nc7 Nc4 41. Nxa6 Nxa3 42. Kf2 Kf8 43. Nb4 Nc4 44. f4 Ke7 45. Kf3 Kd6 46.
g4 Kc5 47. Nc2 Kd5 48. Nb4+ Kd4 49. Nc2+ Kc3 50. Ne1 Kd2 51. Kf2 Nd6 52. Nf3+
Kd3 53. Kg3 Ke3 54. f5 exf5 55. gxf5 Nxf5+ 56. Kg2 f6 57. Ne1 Nd4 58. Kg3 f5
59. Ng2+ Ke4 60. Nf4 g5 61. Nh5 Ke5 62. h4 h6 63. hxg5 hxg5 64. Ng7 Ke4 65. Nh5
Ke3 66. Ng7 f4+ 67. Kg4 f3 68. Nh5 Ne2 69. Kh3 Nf4+ 70. Kg4 Nxh5 0-1

[Event "XX Festival A"]
[Site "Porto San Giorgio ITA"]
[Date "2008.08.27"]
[Round "7"]
[White "Tomescu, Vlad"]
[Black "Trent, Lawrence"]
[Result "1-0"]
[WhiteElo "2405"]
[BlackElo "2470"]
[PlyCount "115"]
[EventDate "2008.08.21"]

1. d4 Nf6 2. c4 e6 3. Nc3 Bb4 4. f3 O-O 5. e4 d5 6. e5 Nfd7 7. cxd5 exd5 8. a3
Bxc3+ 9. bxc3 f6 10. exf6 Qxf6 11. Bd3 Nb6 12. Ne2 Bf5 13. Bf4 Bxd3 14. Qxd3 c6
15. Be5 Qh4+ 16. Ng3 N8d7 17. O-O Nxe5 18. dxe5 Qf4 19. Qd4 Nc4 20. Rfe1 a5 21.
a4 Rae8 22. Qxf4 Rxf4 23. Ne2 Rf7 24. f4 g5 25. g3 gxf4 26. gxf4 Nd2 27. Red1
Ne4 28. c4 dxc4 29. Rd4 Nf6 30. Rxc4 Nd5 31. Ra3 Kh8 32. Kg2 Rg8+ 33. Kf3 Ne7
34. Ng3 Ng6 35. Re3 Nh4+ 36. Ke2 Rgf8 37. Ree4 h6 38. Ke3 Kh7 39. Rc2 Rd7 40.
Rd2 Rxd2 41. Kxd2 Kg6 42. Ke2 Nf5 43. Nxf5 Kxf5 44. Ke3 c5 45. Rc4 b6 46. Rc2
Rg8 47. Rd2 Rg1 48. Rd6 Re1+ 49. Kf2 Ra1 50. Rf6+ Ke4 51. e6 Ra2+ 52. Kg3 Kd5
53. f5 Re2 54. Rf8 c4 55. Rd8+ Kc5 56. Rc8+ Kb4 57. Rc7 b5 58. e7 1-0

[Event "XX Festival A"]
[Site "Porto San Giorgio ITA"]
[Date "2008.08.27"]
[Round "7"]
[White "Vuelban, Virgilio"]
[Black "Di Donatantonio, Franco"]
[Result "1-0"]
[WhiteElo "2263"]
[BlackElo "2135"]
[PlyCount "89"]
[EventDate "2008.08.21"]

1. e4 c5 2. Nf3 e6 3. d4 cxd4 4. Nxd4 Nc6 5. Nc3 a6 6. Be2 Qc7 7. O-O Nf6 8.
Kh1 Be7 9. f4 d6 10. a4 Bd7 11. Be3 O-O 12. Nb3 Na5 13. e5 Ne8 14. Nxa5 Qxa5
15. Qd2 d5 16. f5 f6 17. fxe6 Bxe6 18. Bd4 f5 19. Bf3 Bb4 20. Qf2 Qd8 21. Rad1
Bxc3 22. Bxc3 Rf7 23. Bxd5 Bxd5 24. e6 Re7 25. Qxf5 Nc7 26. Ba5 Bxe6 27. Rxd8+
Rxd8 28. Qg5 Rdd7 29. h3 h6 30. Qg3 Bd5 31. c4 Bc6 32. Re1 Ne8 33. Bb4 Rxe1+
34. Qxe1 Nf6 35. Qe6+ Kh7 36. Qf5+ Kg8 37. a5 Ne4 38. Qe6+ Kh7 39. Kh2 Ng5 40.
Qf5+ Kg8 41. h4 Ne4 42. Qe6+ Rf7 43. Be7 Nf2 44. b4 Be4 45. Bc5 1-0

[Event "XX Festival A"]
[Site "Porto San Giorgio ITA"]
[Date "2008.08.28"]
[Round "8"]
[White "Andonov, Bogomil"]
[Black "Farago, Ivan"]
[Result "0-1"]
[WhiteElo "2326"]
[BlackElo "2482"]
[PlyCount "33"]
[EventDate "2008.08.21"]

1. Nf3 Nf6 2. c4 b6 3. g3 Bb7 4. Bg2 e6 5. O-O Be7 6. d4 O-O 7. d5 exd5 8. Nh4
c6 9. cxd5 Nxd5 10. e4 Bxh4 11. exd5 Bf6 12. Nc3 c5 13. Bf4 d6 14. Nb5 Ba6 15.
Nxd6 Bxf1 16. Qxf1 g5 17. Bc1 0-1

[Event "XX Festival A"]
[Site "Porto San Giorgio ITA"]
[Date "2008.08.28"]
[Round "8"]
[White "Borgiani, Flavio"]
[Black "Rago, Riccardo"]
[Result "1/2-1/2"]
[WhiteElo "2215"]
[BlackElo "2059"]
[PlyCount "108"]
[EventDate "2008.08.21"]

1. Nf3 d5 2. d4 Nf6 3. c4 e6 4. g3 c6 5. Bg2 Be7 6. O-O O-O 7. Qc2 b6 8. Rd1
Bb7 9. b3 Nbd7 10. Nc3 Rc8 11. e4 dxe4 12. Ng5 h6 13. Ngxe4 Nxe4 14. Nxe4 Nf6
15. Nc3 Qc7 16. Bb2 a6 17. Rac1 Rfe8 18. Qb1 Rcd8 19. Na4 c5 20. Bxb7 Qxb7 21.
dxc5 bxc5 22. Rxd8 Rxd8 23. Rd1 Rxd1+ 24. Qxd1 Qc6 25. f3 Nd7 26. Kf2 Bf6 27.
Bxf6 gxf6 28. Nc3 Kg7 29. Ne4 f5 30. Qd6 Qxd6 31. Nxd6 Kf8 32. Ke3 Ke7 33. Nb7
e5 34. a3 h5 35. Kd3 Ke6 36. b4 cxb4 37. axb4 Nb8 38. Nc5+ Kd6 39. h3 Kc6 40.
Na4 Nd7 41. Nc3 Nf6 42. Nd1 Kd6 43. Ne3 Ke6 44. h4 e4+ 45. fxe4 Nxe4 46. Kd4
Nxg3 47. Nd5 Kd6 48. c5+ Kc6 49. Kc4 f4 50. Nxf4 Nf5 51. Nxh5 Nxh4 52. Nf6 Ng6
53. Kd4 Nf8 54. Nd5 Ng6 1/2-1/2

[Event "XX Festival A"]
[Site "Porto San Giorgio ITA"]
[Date "2008.08.28"]
[Round "8"]
[White "Boscolo, Marco"]
[Black "Suppa, Ercole"]
[Result "1-0"]
[WhiteElo "2071"]
[BlackElo "2119"]
[PlyCount "157"]
[EventDate "2008.08.21"]

1. e4 e6 2. d4 c5 3. d5 exd5 4. exd5 Nf6 5. Nf3 d6 6. Be2 Be7 7. O-O O-O 8. c4
Na6 9. Nc3 Nc7 10. Re1 a6 11. a4 b6 12. Bd3 Bg4 13. h3 Bh5 14. Bf4 Re8 15. g4
Bg6 16. Bxg6 hxg6 17. Qd2 Nh7 18. Re2 Bf8 19. Rae1 Qd7 20. Rxe8 Nxe8 21. Qd3
Nc7 22. Ra1 Rb8 23. Kg2 Be7 24. Re1 Bf8 25. Ra1 Be7 26. Nd2 f5 27. f3 g5 28.
Be3 g6 29. Re1 Bf6 30. Ndb1 Re8 31. Bf2 Be5 32. Re2 Kf7 33. Bg3 Bf6 34. Rxe8
Kxe8 35. b3 Kf7 36. Nd1 f4 37. Be1 Qe7 38. Bd2 a5 39. Nf2 Bd4 40. Ne4 Qe5 41.
Nbc3 Nf6 42. Nxf6 Kxf6 43. Ne4+ Kf7 44. Be1 Ne8 45. h4 gxh4 46. Bxh4 Be3 47.
Qb1 Kg8 48. Bd8 Bd2 49. Bxb6 Bb4 50. Bd8 Qd4 51. Bh4 Qe3 52. Qd1 Qd4 53. Qxd4
cxd4 54. Bg5 Kf7 55. Bxf4 Ke7 56. Kf2 Nc7 57. Ke2 Na6 58. Bg3 Bc5 59. Be1 Bb6
60. f4 Nc5 61. Bh4+ Kd7 62. Nd2 Ke8 63. Bf2 d3+ 64. Kf3 Kf7 65. Bxc5 Bxc5 66.
Ke4 Kf6 67. Kxd3 Bb4 68. Ne4+ Ke7 69. c5 dxc5 70. Kc4 Kf7 71. Nxc5 Bd2 72. Nd3
Ke7 73. Kd4 Kd6 74. Ke4 Bc3 75. Ne5 g5 76. Nf7+ Kc5 77. fxg5 Bd2 78. g6 Bc3 79.
Ne5 1-0

[Event "XX Festival A"]
[Site "Porto San Giorgio ITA"]
[Date "2008.08.28"]
[Round "8"]
[White "Calella, Sergio"]
[Black "Della Corte, Alessandro"]
[Result "1-0"]
[WhiteElo "2123"]
[BlackElo "2247"]
[PlyCount "127"]
[EventDate "2008.08.21"]

1. e4 c5 2. Nf3 Nc6 3. d4 cxd4 4. Nxd4 Qb6 5. Nb3 Nf6 6. Bd3 e6 7. O-O Be7 8.
Be3 Qc7 9. f4 d6 10. Nc3 a6 11. h3 b5 12. a3 Bb7 13. Rf2 O-O 14. g4 Rfe8 15. g5
Nd7 16. Qh5 Bf8 17. Raf1 b4 18. Ne2 bxa3 19. bxa3 Ne7 20. Ned4 g6 21. Qg4 e5
22. Ne2 exf4 23. Bxf4 Nc6 24. h4 Nce5 25. Qg3 Qb6 26. Nbd4 Bg7 27. Be3 Qa5 28.
Bc1 d5 29. Nb3 Qb6 30. Be3 Qd6 31. Na5 Bc8 32. Qf4 Qxa3 33. Nc6 Bb7 34. exd5
Rf8 35. Bc1 Qd6 36. Be4 Rae8 37. Ned4 Qc5 38. Nb3 Qc3 39. Ba3 Nxc6 40. Bxf8
Rxf8 41. Qc7 Ncb8 42. Qxb7 Qg3+ 43. Rg2 Qe3+ 44. Rgf2 Qxe4 45. Rf4 Qe3+ 46. Kg2
Be5 47. R1f3 Qe2+ 48. Rf2 Qd1 49. R4f3 Bd6 50. c4 Ne5 51. Rg3 Ng4 52. Rd2 Ne3+
53. Rxe3 Qg4+ 54. Kf1 Bf4 55. Ree2 Bxd2 56. Nxd2 Qxh4 57. Qe7 a5 58. Ne4 Qh1+
59. Kf2 Qh2+ 60. Ke1 Qg1+ 61. Kd2 Qd4+ 62. Ke1 a4 63. Nf6+ Kg7 64. Qxf8+ 1-0

[Event "XX Festival A"]
[Site "Porto San Giorgio ITA"]
[Date "2008.08.28"]
[Round "8"]
[White "Calzetta Ruiz, Monica"]
[Black "Lantini, Marco"]
[Result "1-0"]
[WhiteElo "2264"]
[BlackElo "2212"]
[PlyCount "47"]
[EventDate "2008.08.21"]

1. e4 c5 2. Nf3 e6 3. d4 cxd4 4. Nxd4 a6 5. Nc3 b5 6. Bd3 d6 7. O-O Nf6 8. Qe2
Be7 9. Kh1 e5 10. Nf5 Bxf5 11. exf5 Nc6 12. f4 O-O 13. fxe5 dxe5 14. Bg5 Re8
15. Rad1 Qb8 16. Bxf6 Bxf6 17. Be4 Rc8 18. Nd5 Ra7 19. Qg4 Kf8 20. Rd3 Ne7 21.
Nxf6 gxf6 22. Qh4 Ng8 23. Qxh7 Rc4 24. Rg3 1-0

[Event "XX Festival A"]
[Site "Porto San Giorgio ITA"]
[Date "2008.08.28"]
[Round "8"]
[White "Cappai, Davide"]
[Black "Buono, Michele"]
[Result "1/2-1/2"]
[WhiteElo "2122"]
[BlackElo "2194"]
[PlyCount "20"]
[EventDate "2008.08.21"]

1. b3 e5 2. Bb2 d6 3. e3 Nf6 4. Nf3 Be7 5. d4 exd4 6. Nxd4 d5 7. Bd3 O-O 8. Nf5
Bb4+ 9. c3 Bxf5 10. Bxf5 Ba5 1/2-1/2

[Event "XX Festival A"]
[Site "Porto San Giorgio ITA"]
[Date "2008.08.28"]
[Round "8"]
[White "Caprio, Guido"]
[Black "Stromboli, Ettore"]
[Result "1-0"]
[WhiteElo "2188"]
[BlackElo "2300"]
[PlyCount "111"]
[EventDate "2008.08.21"]

1. e4 e6 2. d4 d5 3. Nc3 Bb4 4. e5 c5 5. a3 Bxc3+ 6. bxc3 Ne7 7. Qg4 Qc7 8.
Qxg7 Rg8 9. Qxh7 cxd4 10. Ne2 Nbc6 11. f4 Bd7 12. Qd3 dxc3 13. Rg1 O-O-O 14. g4
d4 15. Rb1 Be8 16. Rg3 Rh8 17. Rh3 Rxh3 18. Bxh3 Ng6 19. Qc4 Na5 20. Qxc7+ Kxc7
21. Kf2 Ba4 22. Rb4 Nc6 23. Rxa4 b5 24. Ra6 Kb7 25. Rxc6 Kxc6 26. Bg2+ Kc5 27.
Ng3 a5 28. Ne4+ Kb6 29. Bf1 b4 30. Nd6 f6 31. Nc4+ Kc5 32. Nxa5 Ra8 33. Nb3+
Kb6 34. axb4 fxe5 35. fxe5 Nxe5 36. g5 Rf8+ 37. Ke2 Nc6 38. Nc5 Rh8 39. h3 Nxb4
40. Nd7+ Kc7 41. Nf6 Nxc2 42. g6 Rd8 43. Bf4+ e5 44. Kd1 Nb4 45. Bxe5+ Kb6 46.
g7 Nc6 47. Nd7+ Ka7 48. Bb8+ Kb7 49. Bd6 d3 50. Bxd3 Rxd7 51. g8=Q Rxd6 52.
Qg7+ Kb6 53. Qxc3 Kc7 54. h4 Kd7 55. h5 Ke7 56. h6 1-0

[Event "XX Festival A"]
[Site "Porto San Giorgio ITA"]
[Date "2008.08.28"]
[Round "8"]
[White "Cioara, Andrei Nestor"]
[Black "Piscitelli, Vito"]
[Result "1-0"]
[WhiteElo "2452"]
[BlackElo "2003"]
[PlyCount "83"]
[EventDate "2008.08.21"]

1. d4 Nf6 2. Nf3 g6 3. g3 Bg7 4. Bg2 O-O 5. c4 d6 6. O-O Nbd7 7. Nc3 e5 8. h3
c6 9. e4 Qa5 10. d5 cxd5 11. cxd5 b5 12. Nd2 b4 13. Nb3 Qc7 14. Na4 Ba6 15. Re1
Bb5 16. Nd2 Rfc8 17. Bf1 Bxf1 18. Kxf1 Qc2 19. Qxc2 Rxc2 20. Nb3 Rc4 21. f3 Nh5
22. Kf2 f5 23. Bd2 fxe4 24. Rxe4 Rac8 25. Rxc4 Rxc4 26. Rc1 Rxc1 27. Nxc1 a5
28. Nb3 Nhf6 29. Nxa5 Nxd5 30. Nc6 Nc5 31. b3 Kf7 32. Ke2 Na6 33. Kd3 Ke6 34.
Kc4 Bf8 35. Nd8+ Kd7 36. Kxd5 Kxd8 37. Kc6 Nb8+ 38. Kb7 Nd7 39. Bxb4 Nf6 40.
Nb6 Nd7 41. Nxd7 Kxd7 42. a4 1-0

[Event "XX Festival A"]
[Site "Porto San Giorgio ITA"]
[Date "2008.08.28"]
[Round "8"]
[White "Di Donatantonio, Franco"]
[Black "Navarro, Stefano"]
[Result "0-1"]
[WhiteElo "2135"]
[BlackElo "2259"]
[PlyCount "74"]
[EventDate "2008.08.21"]

1. d3 e5 2. e4 Nc6 3. Nf3 d6 4. Be2 Be7 5. O-O f5 6. exf5 Bxf5 7. c3 Qd7 8. b4
Nf6 9. Nbd2 O-O 10. Nc4 Nd5 11. Ne3 Nxe3 12. Bxe3 Qe8 13. Qb3+ Kh8 14. Qc4 a6
15. a4 Rc8 16. Bg5 Bxg5 17. Nxg5 h6 18. Nf3 Be6 19. Qe4 Rf4 20. Qe3 Qf7 21. b5
axb5 22. axb5 Ne7 23. Ra7 Bd5 24. c4 Nf5 25. Nxe5 dxe5 26. Qxe5 Nd4 27. Bd1 Be6
28. Rxb7 Qf6 29. Qxf6 Rxf6 30. Re1 Bf5 31. Re7 Re6 32. Rxe6 Nxe6 33. Bf3 Bxd3
34. Bd5 Nf4 35. Bf7 Be4 36. Ra7 Bxg2 37. Bh5 Bh3 0-1

[Event "XX Festival A"]
[Site "Porto San Giorgio ITA"]
[Date "2008.08.28"]
[Round "8"]
[White "Dragojlovic, Andjelko"]
[Black "Gordon, Stephen J."]
[Result "0-1"]
[WhiteElo "2400"]
[BlackElo "2508"]
[PlyCount "70"]
[EventDate "2008.08.21"]

1. e4 c5 2. Nf3 e6 3. d3 Nc6 4. g3 d5 5. Nbd2 Bd6 6. Bg2 Nge7 7. O-O O-O 8. Nh4
b5 9. f4 f5 10. Re1 Rb8 11. Ndf3 Qb6 12. Kh1 b4 13. Be3 d4 14. Bd2 a5 15. exf5
exf5 16. Ng5 h6 17. Qh5 Bd7 18. Qg6 hxg5 19. Qxd6 Rf6 20. Qxd7 Rd8 21. Qxd8+
Nxd8 22. fxg5 Re6 23. g6 Qd6 24. Rxe6 Nxe6 25. Re1 Nf8 26. Bf4 Qd7 27. Re5
Nfxg6 28. Nxg6 Nxg6 29. Rxc5 Qe7 30. Rc8+ Kh7 31. h3 Nxf4 32. gxf4 Qe1+ 33. Kh2
Qf2 34. Rc5 Qxf4+ 35. Kg1 g6 0-1

[Event "XX Festival A"]
[Site "Porto San Giorgio ITA"]
[Date "2008.08.28"]
[Round "8"]
[White "Fedorchuk, Sergey A."]
[Black "Naumkin, Igor"]
[Result "1-0"]
[WhiteElo "2624"]
[BlackElo "2502"]
[PlyCount "57"]
[EventDate "2008.08.21"]

1. e4 e6 2. d4 d5 3. Nd2 a6 4. Ngf3 c5 5. dxc5 Bxc5 6. Bd3 Nc6 7. c3 Nge7 8.
O-O h6 9. Qe2 O-O 10. Nb3 Ba7 11. Bf4 Ng6 12. Bg3 Qf6 13. e5 Qd8 14. Rad1 b5
15. Bb1 Re8 16. Nfd4 Nxd4 17. Nxd4 Bd7 18. Qh5 Nf8 19. Bh4 Qc7 20. Rfe1 Rec8
21. Rd3 Be8 22. Rg3 Ng6 23. Nxe6 Qc4 24. Rg4 fxe6 25. Rxc4 Rxc4 26. Bxg6 Bxg6
27. Qxg6 Rxh4 28. Qxe6+ Kh8 29. Qf7 1-0

[Event "XX Festival A"]
[Site "Porto San Giorgio ITA"]
[Date "2008.08.28"]
[Round "8"]
[White "Fercec, Nenad"]
[Black "Vuelban, Virgilio"]
[Result "0-1"]
[WhiteElo "2486"]
[BlackElo "2263"]
[PlyCount "82"]
[EventDate "2008.08.21"]

1. e4 c5 2. Nf3 d6 3. d4 cxd4 4. Nxd4 Nf6 5. Nc3 Nc6 6. f3 e5 7. Nb3 Be6 8. Be3
Be7 9. Qe2 O-O 10. O-O-O a6 11. g4 b5 12. g5 Nd7 13. h4 Na5 14. Nxa5 Qxa5 15.
Kb1 Nb6 16. Bxb6 Qxb6 17. Nd5 Qa7 18. Bh3 Rac8 19. f4 Bxd5 20. exd5 Rc4 21.
fxe5 Rxh4 22. e6 f5 23. Qd3 g6 24. Rhg1 f4 25. Bg2 Rg4 26. Rh1 Rg3 27. Qf1 f3
28. Bh3 f2 29. a3 Rxg5 30. Bg2 Qe3 31. Rh2 Qe5 32. Rh1 Rf4 33. c3 Qe3 34. Ka2
Rg3 35. Rh2 h5 36. Qh1 h4 37. Rh3 g5 38. Rf1 Rxh3 39. Bxh3 g4 40. Bg2 h3 41.
Rd1 hxg2 0-1

[Event "XX Festival A"]
[Site "Porto San Giorgio ITA"]
[Date "2008.08.28"]
[Round "8"]
[White "Ferri, Stefano"]
[Black "Marozzi, Giovanni"]
[Result "1/2-1/2"]
[WhiteElo "2146"]
[BlackElo "2041"]
[PlyCount "55"]
[EventDate "2008.08.21"]

1. f4 e5 2. fxe5 d6 3. Nf3 Nc6 4. d4 dxe5 5. dxe5 Qxd1+ 6. Kxd1 Bg4 7. Bg5 h6
8. Bh4 g5 9. Bg3 O-O-O+ 10. Nbd2 Bg7 11. Kc1 Nge7 12. e4 Ng6 13. Bb5 Ncxe5 14.
Rf1 Be6 15. a4 a6 16. Nxe5 Bxe5 17. Bxe5 Nxe5 18. Be2 g4 19. Ra3 Rd4 20. c3 Rd6
21. Rf2 Rhd8 22. Bf1 g3 23. hxg3 Ng4 24. Re2 Rd3 25. a5 Ne3 26. Rf2 Ng4 27.
Bxd3 Nxf2 28. Be2 1/2-1/2

[Event "XX Festival A"]
[Site "Porto San Giorgio ITA"]
[Date "2008.08.28"]
[Round "8"]
[White "Foglia, Maurizio"]
[Black "Peredy, Ferenc"]
[Result "0-1"]
[WhiteElo "2135"]
[BlackElo "2251"]
[PlyCount "86"]
[EventDate "2008.08.21"]

1. d4 d5 2. Bf4 c5 3. e4 Nc6 4. Nc3 cxd4 5. exd5 dxc3 6. dxc6 Qxd1+ 7. Rxd1
bxc6 8. Bc7 Bb7 9. b3 Nf6 10. Ba5 e6 11. Bxc3 Bc5 12. f3 O-O 13. Bd3 Nd5 14.
Bd2 e5 15. Nh3 f5 16. c4 Ne3 17. Bxe3 Bxe3 18. c5 h6 19. Bc4+ Kh8 20. Rd7 Rab8
21. Ke2 Bxc5 22. Rhd1 Bd4 23. Nf4 Rf6 24. Ne6 c5 25. Nxg7 Bc8 26. Rxa7 Rg6 27.
Nh5 Rxg2+ 28. Kd3 Bb7 29. Nf6 e4+ 30. Nxe4 fxe4+ 31. fxe4 Rg7 32. Ra5 Rd8 33.
Rf1 Bg1+ 34. Ke2 Bxe4 35. Ra6 Kh7 36. Re6 Bc2 37. Rc1 Bf5 38. Re5 Bg4+ 39. Kf1
Bh3+ 40. Ke2 Bg4+ 41. Ke1 Bxh2 42. Rxc5 Re7+ 43. Kf1 Bh3+ 0-1

[Event "XX Festival A"]
[Site "Porto San Giorgio ITA"]
[Date "2008.08.28"]
[Round "8"]
[White "Garrapa, Gianluigi"]
[Black "Rinaudo, Sergio"]
[Result "0-1"]
[WhiteElo "2041"]
[BlackElo "2116"]
[PlyCount "70"]
[EventDate "2008.08.21"]

1. e4 e5 2. Nf3 Nf6 3. Nxe5 d6 4. Nf3 Nxe4 5. d4 d5 6. Bd3 Nc6 7. O-O Be7 8. c4
Nb4 9. Be2 dxc4 10. Bxc4 O-O 11. Nc3 Nd6 12. Bb3 Bg4 13. h3 Bh5 14. Bf4 Bf6 15.
g4 Bg6 16. Ne5 Re8 17. a3 Bxe5 18. dxe5 Nd3 19. exd6 Nxf4 20. d7 Re7 21. Qf3
Nd3 22. Rad1 Rxd7 23. Ne4 c6 24. Bc2 Ne5 25. Qe2 Qh4 26. Kg2 Re7 27. Rfe1 h5
28. f4 Bxe4+ 29. Qxe4 Ng6 30. Qb4 Rxe1 31. Rxe1 Nxf4+ 32. Kf3 Nxh3 33. Rf1 Re8
34. Bf5 g6 35. Bd7 Ng5+ 0-1

[Event "XX Festival A"]
[Site "Porto San Giorgio ITA"]
[Date "2008.08.28"]
[Round "8"]
[White "Greabca, Irina"]
[Black "Bondielli, Giorgio"]
[Result "1/2-1/2"]
[WhiteElo "2126"]
[BlackElo "1929"]
[PlyCount "65"]
[EventDate "2008.08.21"]

1. d4 f5 2. Bg5 g6 3. e3 Bg7 4. Bd3 Nf6 5. Bxf6 Bxf6 6. Nc3 d5 7. Qf3 c6 8.
Nge2 Nd7 9. Nf4 Nb6 10. h4 Qd6 11. Nfe2 Bd7 12. h5 O-O-O 13. hxg6 hxg6 14.
O-O-O e5 15. dxe5 Bxe5 16. g3 Be6 17. Nd4 Bxd4 18. exd4 a5 19. Rxh8 Rxh8 20.
Rh1 Qf8 21. Ne2 Qg7 22. Rxh8+ Qxh8 23. Nf4 Qf6 24. Qe3 Bf7 25. Qe5 Qxe5 26.
dxe5 Kd7 27. Nh3 Ke7 28. f4 Nd7 29. Kd2 Nc5 30. Ke3 Ne4 31. Kf3 Nd2+ 32. Ke2
Ne4 33. Kf3 1/2-1/2

[Event "XX Festival A"]
[Site "Porto San Giorgio ITA"]
[Date "2008.08.28"]
[Round "8"]
[White "Maiorov, Nikita"]
[Black "Tugui, Adrian"]
[Result "1-0"]
[WhiteElo "2535"]
[BlackElo "2375"]
[PlyCount "127"]
[EventDate "2008.08.21"]

1. d4 Nf6 2. c4 c5 3. d5 e5 4. Nc3 d6 5. e4 Be7 6. g3 O-O 7. Bg2 Ne8 8. Nge2 g6
9. O-O Ng7 10. Bh6 Bg5 11. Bxg5 Qxg5 12. f4 Qe7 13. Qd2 a6 14. a3 Bg4 15. Nc1
exf4 16. gxf4 Nd7 17. Nd3 f6 18. Rae1 g5 19. Kh1 Kh8 20. Bf3 Bxf3+ 21. Rxf3 Nh5
22. fxg5 fxg5 23. Rf5 h6 24. Qf2 Ng7 25. Rf3 Kg8 26. e5 dxe5 27. b4 cxb4 28.
axb4 g4 29. Rxf8+ Rxf8 30. Qe2 Rf3 31. Ne4 h5 32. Nd2 Rh3 33. Nf2 Ra3 34. Nd3
Qh4 35. Rg1 Ra2 36. c5 e4 37. Nc1 Rc2 38. Ncb3 Nf6 39. Qe3 Nf5 40. Qf4 Ne7 41.
d6 Nc6 42. Rf1 e3 43. Qxe3 g3 44. Qxg3+ Qxg3 45. hxg3 Kg7 46. Rf4 Rc3 47. Nd4
Nd5 48. Re4 Ndxb4 49. d7 Rd3 50. N2f3 a5 51. Re7+ Kf6 52. Re6+ Kg7 53. Rd6 Nd8
54. Ng5 Kf8 55. Nge6+ Ke7 56. Nf5+ Kf6 57. Nxd8+ Rxd6 58. cxd6 Kxf5 59. Nxb7
Nc6 60. d8=Q Nxd8 61. Nxd8 a4 62. d7 a3 63. Nc6 a2 64. Nd4+ 1-0

[Event "XX Festival A"]
[Site "Porto San Giorgio ITA"]
[Date "2008.08.28"]
[Round "8"]
[White "Massironi, Marco"]
[Black "Estremera Panos, Sergio"]
[Result "0-1"]
[WhiteElo "2145"]
[BlackElo "2394"]
[PlyCount "82"]
[EventDate "2008.08.21"]

1. e4 c5 2. Nf3 Nc6 3. d4 cxd4 4. Nxd4 Nf6 5. Nc3 d6 6. Bg5 e6 7. Qd2 Be7 8.
O-O-O a6 9. f4 Bd7 10. Kb1 b5 11. Bxf6 gxf6 12. Nxc6 Bxc6 13. Qe3 b4 14. Ne2
Qa5 15. Nd4 Qc5 16. Qe2 Bd7 17. g3 a5 18. Bg2 Rc8 19. Rhe1 a4 20. e5 fxe5 21.
fxe5 d5 22. Qg4 a3 23. Qg7 Rf8 24. Qxh7 axb2 25. Qd3 Ra8 26. Kxb2 Qa5 27. Ra1
b3 28. cxb3 Ba3+ 29. Kc2 Rc8+ 30. Kd1 Bb2 31. Rb1 Qxa2 32. Re2 Rc3 33. Qh7 Qa7
34. Rbxb2 Qxd4+ 35. Rbd2 Qg1+ 36. Re1 Rc1+ 37. Kxc1 Qxe1+ 38. Kc2 Qxe5 39. Qh4
Rh8 40. Qb4 Rxh2 41. Qa5 Rxg2 0-1